[Event "Monarch Assurance Isle of Man 8th"]
[Site "Port Erin IOM"]
[Date "1999.11.13"]
[Round "8"]
[White "Taylor, Peter"]
[Black "McLeod, Fraser"]
[Result "1-0"]
[WhiteElo "2164"]
[BlackElo "1832"]
[PlyCount "49"]
[EventDate "1999.11.06"]
[EventType "swiss"]
[EventRounds "9"]
[EventCountry "IOM"]

1. d4 Nf6 2. Nf3 e6 3. c4 Bb4+ 4. Nbd2 O-O 5. a3 Bxd2+ 6. Bxd2 Ne4 7. e3 f5 8.
Bd3 Qf6 9. Qc2 Nxd2 10. Qxd2 d6 11. e4 fxe4 12. Bxe4 Nc6 13. O-O e5 14. Bd5+
Kh8 15. Bxc6 bxc6 16. dxe5 dxe5 17. Rae1 e4 18. Rxe4 Qg6 19. Rf4 Bh3 20. Nh4
Qh5 21. gxh3 Qg5+ 22. Ng2 Rf6 23. Rd4 Rg6 24. Qxg5 Rxg5 25. Rfd1 1-0

[Event "Monarch Assurance Isle of Man 8th"]
[Site "Port Erin IOM"]
[Date "1999.11.13"]
[Round "8"]
[White "Winfridsson, Hakan"]
[Black "Thorfinnsson, Bjorn"]
[Result "1-0"]
[WhiteElo "2045"]
[BlackElo "2195"]
[PlyCount "107"]
[EventDate "1999.11.06"]
[EventType "swiss"]
[EventRounds "9"]
[EventCountry "IOM"]

1. e4 e5 2. f4 exf4 3. Nc3 d6 4. Bc4 Be6 5. Bxe6 fxe6 6. d4 Qh4+ 7. Kf1 Nd7 8.
Nf3 Qf6 9. Nb5 Kd8 10. Kf2 g5 11. Re1 g4 12. e5 Qh6 13. Nd2 g3+ 14. hxg3 fxg3+
15. Kxg3 Ne7 16. Kf2 Rg8 17. exd6 Qg5 18. dxc7+ Kc8 19. Ne4 Qxg2+ 20. Ke3 Qh3+
21. Ke2 Qh5+ 22. Kd2 Rg2+ 23. Kc3 Nd5+ 24. Kb3 Rg4 25. c3 Nxc7 26. Nxc7 Kxc7
27. Qe2 b5 28. Bf4+ Kb7 29. Bd2 Qd5+ 30. Kc2 h5 31. Nf2 Rg2 32. Rg1 Re8 33.
Rxg2 Qxg2 34. Qxh5 Qxf2 35. Qxe8 Qf5+ 36. Kb3 Qd5+ 37. Kc2 Qe4+ 38. Kd1 Qf3+
39. Ke1 Qh1+ 40. Ke2 Qe4+ 41. Be3 Qc2+ 42. Bd2 Qe4+ 43. Be3 Qc2+ 44. Kf1 Qd3+
45. Kf2 Qf5+ 46. Ke1 Kc7 47. d5 Ne5 48. Qa8 Nc4 49. Qxa7+ Kc8 50. Qa8+ Kc7 51.
Qc6+ Kd8 52. dxe6 Ne5 53. Bb6+ Ke7 54. Bc5+ 1-0

[Event "Monarch Assurance Isle of Man 8th"]
[Site "Port Erin IOM"]
[Date "1999.11.14"]
[Round "9"]
[White "Agnos, Demetrios"]
[Black "Kristensen, Bjarke"]
[Result "1-0"]
[WhiteElo "2456"]
[BlackElo "2406"]
[PlyCount "81"]
[EventDate "1999.11.06"]
[EventType "swiss"]
[EventRounds "9"]
[EventCountry "IOM"]

1. e4 e5 2. Nf3 Nc6 3. Bb5 a6 4. Ba4 Bc5 5. O-O Nf6 6. Bxc6 dxc6 7. Nxe5 Nxe4
8. Qe2 Qd5 9. Nd3 O-O 10. Nxc5 Nxc5 11. Nc3 Qf5 12. d3 Ne6 13. Be3 c5 14. f3 b6
15. Qf2 Bb7 16. a3 Qh5 17. b4 f5 18. f4 Rf6 19. bxc5 Rg6 20. g3 bxc5 21. Na4
Rg4 22. Nxc5 Nxc5 23. Bxc5 Qg6 24. Rfe1 Qc6 25. Kf1 h5 26. Ke2 Rd8 27. Kd2 Rd5
28. Bd4 Rg6 29. Re5 Rxe5 30. Bxe5 h4 31. Rb1 h3 32. Rb4 Qh1 33. Rc4 Bg2 34.
Rxc7 Qxh2 35. Rc8+ Kh7 36. Qe2 Rg4 37. Bxg7 Qxg3 38. Rh8+ Kxg7 39. Qe5+ Kf7 40.
Qe8+ Kf6 41. Rf8+ 1-0

[Event "Monarch Assurance Isle of Man 8th"]
[Site "Port Erin IOM"]
[Date "1999.11.14"]
[Round "9"]
[White "Allen, Keith"]
[Black "Marusenko, Petr"]
[Result "0-1"]
[WhiteElo "2233"]
[BlackElo "2406"]
[PlyCount "104"]
[EventDate "1999.11.06"]
[EventType "swiss"]
[EventRounds "9"]
[EventCountry "IOM"]

1. d4 Nf6 2. c4 e6 3. Nc3 Bb4 4. Qc2 O-O 5. a3 Bxc3+ 6. Qxc3 b5 7. cxb5 c6 8.
Bg5 cxb5 9. e3 Bb7 10. Nf3 h6 11. Bxf6 Qxf6 12. Be2 Rc8 13. Qd3 a6 14. O-O Nc6
15. Nd2 Na5 16. Rfc1 Bd5 17. b3 Qe7 18. Rc5 d6 19. Rc3 Rc7 20. e4 Bb7 21. b4
Rxc3 22. Qxc3 Rc8 23. Qe3 Nc6 24. Nb3 Qf6 25. Rc1 Ne7 26. Rxc8+ Nxc8 27. Na5
Qe7 28. Qc3 Nb6 29. Bf3 Qd7 30. d5 exd5 31. Nxb7 Qxb7 32. exd5 Nc4 33. a4 Qe7
34. axb5 axb5 35. Kf1 Qe5 36. Qxe5 dxe5 37. Be2 Nd6 38. h4 g6 39. Ke1 f5 40. f4
exf4 41. Kd2 Kg7 42. Kd3 Kf6 43. Kd4 g5 44. h5 g4 45. Bf1 g3 46. Kc5 Ke5 47.
Be2 f3 48. Bxf3 f4 49. Bg4 Nf5 50. Be2 Nd4 51. d6 Nxe2 52. d7 Nd4 0-1

[Event "Monarch Assurance Isle of Man 8th"]
[Site "Port Erin IOM"]
[Date "1999.11.14"]
[Round "9"]
[White "Benson, Paul"]
[Black "Hank, Holger"]
[Result "0-1"]
[WhiteElo "2067"]
[BlackElo "2063"]
[PlyCount "82"]
[EventDate "1999.11.06"]
[EventType "swiss"]
[EventRounds "9"]
[EventCountry "IOM"]

1. d4 Nf6 2. Nc3 d5 3. Bg5 e6 4. e4 Bb4 5. e5 h6 6. exf6 hxg5 7. fxg7 Rg8 8. h4
gxh4 9. Nf3 Qf6 10. Rxh4 Nc6 11. Qd3 Qxg7 12. Rh7 Qf6 13. a3 Bd6 14. Qe3 Kd8
15. g3 Rh8 16. Qg5 Be7 17. Bb5 Nxd4 18. Ne5 Rf8 19. Qxf6 Bxf6 20. Nxf7+ Ke7 21.
Nh6+ Kd6 22. O-O-O a6 23. Bf1 Kc6 24. Ng4 Nf3 25. Nxf6 Rxf6 26. Rh8 b5 27. Bg2
Bb7 28. Rxa8 Bxa8 29. Ne2 Kb6 30. Nf4 Ne5 31. Bxd5 exd5 32. Nxd5+ Bxd5 33. Rxd5
Nf3 34. Kd1 Kc6 35. Rd3 Ne5 36. Rd2 Nc4 37. Re2 Nxb2+ 38. Kc1 Nc4 39. f4 Nxa3
40. Rf2 Nc4 41. g4 Rh6 0-1

[Event "Monarch Assurance Isle of Man 8th"]
[Site "Port Erin IOM"]
[Date "1999.11.14"]
[Round "9"]
[White "Coleman, David"]
[Black "Kosteniuk, Alexandra"]
[Result "0-1"]
[WhiteElo "2240"]
[BlackElo "2324"]
[PlyCount "124"]
[EventDate "1999.11.06"]
[EventType "swiss"]
[EventRounds "9"]
[EventCountry "IOM"]

1. e4 c5 2. Nf3 d6 3. d4 cxd4 4. Nxd4 Nf6 5. Nc3 Nc6 6. Bc4 e6 7. Be3 a6 8. Qe2
Qc7 9. O-O-O Na5 10. Bd3 b5 11. g4 b4 12. Na4 Bb7 13. g5 Nd7 14. f4 Be7 15.
Rhg1 Nc5 16. b3 Nxa4 17. bxa4 Qd7 18. f5 e5 19. Nb3 Qxa4 20. Kb1 d5 21. exd5
Bxd5 22. Bc1 f6 23. gxf6 Bxf6 24. Be4 Bxe4 25. Qxe4 Qc6 26. Qxb4 Nxb3 27. axb3
a5 28. Qg4 O-O 29. Ba3 a4 30. Rd6 Qc7 31. Qc4+ Qxc4 32. bxc4 Ra7 33. Re6 Rb8+
34. Ka2 Kf7 35. Bb2 a3 36. Bxe5 Rb2+ 37. Ka1 Bxe5 38. Rxe5 Rxc2 39. Rb1 a2 40.
Rh1 Rxc4 41. h4 Kf6 42. Rb5 Rf4 43. Rc1 Rxh4 44. Rb6+ Kf7 45. Rf1 Rh6 46. Rxh6
gxh6 47. Rh1 Kf6 48. Rxh6+ Kg5 49. Rh1 h5 50. f6 h4 51. Rf1 Rf7 52. Kxa2 Rxf6
53. Rg1+ Kh5 54. Kb2 Rc6 55. Rd1 h3 56. Rd5+ Kg4 57. Rd4+ Kf3 58. Rd3+ Kg2 59.
Rd8 Rg6 60. Rd2+ Kg3 61. Rd3+ Kh4 62. Kc2 Rg2+ 0-1

[Event "Monarch Assurance Isle of Man 8th"]
[Site "Port Erin IOM"]
[Date "1999.11.14"]
[Round "9"]
[White "Collins, Sam"]
[Black "Taylor, Peter"]
[Result "1-0"]
[WhiteElo "2097"]
[BlackElo "2164"]
[PlyCount "127"]
[EventDate "1999.11.06"]
[EventType "swiss"]
[EventRounds "9"]
[EventCountry "IOM"]

1. e4 c6 2. d4 d5 3. exd5 cxd5 4. c4 Nf6 5. Nc3 e6 6. Nf3 Bb4 7. cxd5 Nxd5 8.
Bd2 O-O 9. Bd3 Nc6 10. O-O Be7 11. Re1 Qb6 12. Na4 Qc7 13. a3 Bd7 14. Rc1 Rad8
15. b4 a6 16. Qc2 g6 17. h4 Bf6 18. Bg5 Bxg5 19. hxg5 Qf4 20. Re4 Ncxb4 21. Qb1
Nxd3 22. Rxf4 N3xf4 23. Nc5 Ne2+ 24. Kh2 Nxc1 25. Qxc1 Bc8 26. Ne5 f6 27. Ng4
e5 28. Nh6+ Kg7 29. gxf6+ Rxf6 30. dxe5 Rxf2 31. Ne4 Rf4 32. Nf6 Rh4+ 33. Kg3
Rxh6 34. Nxd5 Rxd5 35. Qc7+ Rd7 36. Qxc8 Re7 37. Qc5 Kf8 38. Qc8+ Kg7 39. Qd8
Kf7 40. Qd5+ Kg7 41. Qd6 Rf7 42. e6 g5 43. Qe5+ Rhf6 44. exf7 Kxf7 45. Qe4 h6
46. Qh7+ Ke6 47. Qxb7 Kf5 48. Qb1+ Ke6 49. Qb7 Ke5 50. Qd7 Rd6 51. Qe7+ Re6 52.
Qg7+ Kf5 53. Kf3 Rf6 54. Qh7+ Ke6+ 55. Ke3 Ke5 56. g3 Re6 57. Kf3 Rf6+ 58. Kg4
Ke6 59. Kh5 Ke5 60. Qg7 Kf5 61. g4+ Ke6 62. a4 Ke5 63. a5 Ke6 64. Qxf6+ 1-0

[Event "Monarch Assurance Isle of Man 8th"]
[Site "Port Erin IOM"]
[Date "1999.11.14"]
[Round "9"]
[White "Ellison, D George"]
[Black "Hill, David"]
[Result "1/2-1/2"]
[WhiteElo "2100"]
[BlackElo "2024"]
[PlyCount "95"]
[EventDate "1999.11.06"]
[EventType "swiss"]
[EventRounds "9"]
[EventCountry "IOM"]

1. e4 c5 2. c3 e6 3. d4 d5 4. e5 Qb6 5. Nf3 Bd7 6. Be2 Bb5 7. O-O Bxe2 8. Qxe2
cxd4 9. cxd4 Nc6 10. Nc3 Nge7 11. Qd3 Nf5 12. Nxd5 Rd8 13. Nc3 Nfxd4 14. Rd1
Nxf3+ 15. Qxf3 Qa5 16. Bf4 Be7 17. Qg3 g5 18. Be3 Rg8 19. h4 Qxe5 20. Qxe5 Nxe5
21. Bxg5 Nf3+ 22. gxf3 h6 23. Nb5 Rb8 24. Nc7+ Kf8 25. f4 f6 26. Nxe6+ Kf7 27.
Nc7 fxg5 28. fxg5 hxg5 29. h5 Rbd8 30. Nd5 Bd6 31. Rd3 Be5 32. Rad1 Rd6 33. Ne3
Rxd3 34. Rxd3 Ke6 35. Ng4 Bxb2 36. Rb3 Bd4 37. Rxb7 Rh8 38. h6 Kf5 39. Rb4 Kxg4
40. Rxd4+ Kh5 41. Rd7 Rxh6 42. Rxa7 Rc6 43. Kg2 Rc3 44. f3 g4 45. f4 Rc2+ 46.
Kg3 Rc3+ 47. Kf2 g3+ 48. Kg2 1/2-1/2

[Event "Monarch Assurance Isle of Man 8th"]
[Site "Port Erin IOM"]
[Date "1999.11.14"]
[Round "9"]
[White "Giddins, Stephen"]
[Black "Naes, Flovin Tor"]
[Result "0-1"]
[WhiteElo "2376"]
[BlackElo "2222"]
[PlyCount "74"]
[EventDate "1999.11.06"]
[EventType "swiss"]
[EventRounds "9"]
[EventCountry "IOM"]

1. c4 e6 2. Nc3 d5 3. d4 Nf6 4. cxd5 exd5 5. Bg5 Be7 6. e3 c6 7. Qc2 O-O 8. Bd3
h6 9. Bh4 Re8 10. Nge2 Nbd7 11. O-O b6 12. Rad1 Bb7 13. a3 Nf8 14. f3 Ne6 15.
Kh1 Qd7 16. Bf2 c5 17. dxc5 bxc5 18. Bg3 Bc6 19. Be5 Qb7 20. Bf5 Nd7 21. Bg3
Bg5 22. e4 d4 23. Nd5 g6 24. Bxe6 fxe6 25. Nc7 e5 26. Nxa8 Rxa8 27. Qc4+ Kg7
28. Qe6 Bf6 29. Nc1 Re8 30. Qa2 Bb5 31. Nd3 Ba4 32. Qc4 Bb3 33. Nxc5 Bxc4 34.
Nxb7 Bxf1 35. Rxf1 Rb8 36. Nd6 Rxb2 37. Be1 Be7 0-1

[Event "Monarch Assurance Isle of Man 8th"]
[Site "Port Erin IOM"]
[Date "1999.11.14"]
[Round "9"]
[White "Goodger, Martyn"]
[Black "Thiruchelvam, Murugan"]
[Result "0-1"]
[WhiteElo "2185"]
[BlackElo "2072"]
[PlyCount "120"]
[EventDate "1999.11.06"]
[EventType "swiss"]
[EventRounds "9"]
[EventCountry "IOM"]

1. f4 d5 2. Nf3 Nf6 3. g3 e6 4. Bg2 Bd6 5. b3 Nbd7 6. Bb2 c6 7. O-O Qc7 8. e3
O-O 9. c4 b6 10. cxd5 exd5 11. Re1 Ba6 12. Bf1 Bxf1 13. Rxf1 Rfe8 14. Na3 Rac8
15. Nd4 Bf8 16. Nac2 c5 17. Nf3 Qc6 18. Rc1 Qe6 19. Nce1 Ne4 20. Nd3 f6 21. Nf2
Nb8 22. Nh4 Nc6 23. Nf3 Rc7 24. Nd3 Rd7 25. f5 Qf7 26. Nf4 Nd8 27. Rc2 Bd6 28.
Nh4 Bxf4 29. Rxf4 Nc6 30. a3 Ng5 31. Rf1 d4 32. exd4 Nxd4 33. Bxd4 Rxd4 34. Nf3
Nxf3+ 35. Qxf3 Red8 36. Re1 Rd3 37. Qc6 Qxb3 38. Re8+ Kf7 39. Rxd8 Qb1+ 40. Kg2
Rxd8 41. Qa4 Kf8 42. Qc4 Rd4 43. Qc3 Qe1 44. Ra2 Qe4+ 45. Qf3 Qxf3+ 46. Kxf3
Ke7 47. a4 Kd6 48. g4 Kd5 49. h4 Kc4 50. g5 Rxh4 51. gxf6 gxf6 52. a5 b5 53.
Ra1 Rd4 54. Rh1 Rd7 55. Rh6 Rf7 56. Ke4 b4 57. d3+ Kc3 58. Rh3 Rd7 59. d4+ Kc4
60. d5 Re7+ 0-1

[Event "Monarch Assurance Isle of Man 8th"]
[Site "Port Erin IOM"]
[Date "1999.11.14"]
[Round "9"]
[White "Jackson, Adrian"]
[Black "Bourne, James"]
[Result "1/2-1/2"]
[WhiteElo "2223"]
[BlackElo "2105"]
[PlyCount "71"]
[EventDate "1999.11.06"]
[EventType "swiss"]
[EventRounds "9"]
[EventCountry "IOM"]

1. d4 Nf6 2. Bg5 e6 3. e4 h6 4. Bxf6 Qxf6 5. Nf3 d6 6. Bd3 g5 7. e5 Qe7 8. O-O
Bg7 9. Nc3 Nc6 10. exd6 cxd6 11. d5 Ne5 12. dxe6 fxe6 13. Nxe5 Bxe5 14. Qh5+
Kd8 15. Rad1 Bd7 16. Rfe1 Kc7 17. Nb5+ Bxb5 18. Bxb5 Qf6 19. Qe2 Raf8 20. Rd3
Qf4 21. g3 Qf5 22. c4 Rf6 23. c5 Rd8 24. Red1 Kb8 25. cxd6 h5 26. d7 Bc7 27.
Rc3 Bb6 28. Rc2 a6 29. Ba4 h4 30. g4 Qf4 31. Rdc1 Ka7 32. b3 Qd6 33. Qd1 Qf4
34. Qe2 Qd6 35. Qd1 Qf4 36. Qd2 1/2-1/2

[Event "Monarch Assurance Isle of Man 8th"]
[Site "Port Erin IOM"]
[Date "1999.11.14"]
[Round "9"]
[White "Kudrin, Sergei"]
[Black "Nieminen, Kari"]
[Result "1-0"]
[WhiteElo "2525"]
[BlackElo "2230"]
[PlyCount "67"]
[EventDate "1999.11.06"]
[EventType "swiss"]
[EventRounds "9"]
[EventCountry "IOM"]

1. e4 c5 2. Nf3 e6 3. d4 cxd4 4. Nxd4 a6 5. Bd3 g6 6. O-O Bg7 7. c3 Ne7 8. Qe2
Nbc6 9. Nf3 Qc7 10. Re1 d6 11. h4 O-O 12. h5 Bd7 13. Nbd2 b5 14. Nf1 e5 15.
hxg6 hxg6 16. Bg5 d5 17. Ne3 Be6 18. a4 dxe4 19. Bxe4 Rab8 20. axb5 axb5 21.
Bxe7 Nxe7 22. Ng5 Bd7 23. Nd5 Nxd5 24. Bxd5 Bc6 25. Bb3 Bf6 26. Qc2 Kg7 27.
Bxf7 Bxg5 28. Qxg6+ Kh8 29. Qh5+ Kg7 30. Qxg5+ Kxf7 31. Rxe5 Qd6 32. Rf5+ Ke8
33. Re1+ Kd7 34. Qg7+ 1-0

[Event "Monarch Assurance Isle of Man 8th"]
[Site "Port Erin IOM"]
[Date "1999.11.14"]
[Round "9"]
[White "Longson, Alex"]
[Black "Daly, Colm"]
[Result "1/2-1/2"]
[WhiteElo "2169"]
[BlackElo "2378"]
[PlyCount "118"]
[EventDate "1999.11.06"]
[EventType "swiss"]
[EventRounds "9"]
[EventCountry "IOM"]

1. e4 c5 2. Nc3 e6 3. g3 Nc6 4. Bg2 g6 5. d3 Bg7 6. Be3 d6 7. Qd2 Rb8 8. f4
Nge7 9. Nf3 Nd4 10. O-O O-O 11. Bf2 Nxf3+ 12. Bxf3 Nc6 13. Rab1 Qa5 14. a3 Nd4
15. Bg2 Bd7 16. Rfd1 b5 17. Ne2 Qxd2 18. Rxd2 Nxe2+ 19. Rxe2 b4 20. axb4 Rxb4
21. e5 a5 22. Be1 Ra4 23. exd6 Rb8 24. b3 Ra2 25. Rc1 Rb6 26. Bf2 Bd4 27. Bf3
Ra3 28. Kg2 Rxd6 29. Bxd4 cxd4 30. Re5 Ra2 31. Rc5 Rb6 32. Kf1 Rb4 33. Rc4 Bb5
34. Rxb4 axb4 35. Ke1 Bd7 36. Kd2 f5 37. Re1 Ra5 38. Bg2 Kg7 39. Bf3 Kf6 40.
Bg2 g5 41. Bf3 h6 42. Ke2 e5 43. Kf2 exf4 44. gxf4 Rc5 45. Bd1 gxf4 46. Rg1 Be6
47. Kf3 Bf7 48. Kxf4 Rc8 49. Re1 Rc5 50. Rg1 Ra5 51. Bf3 Ra2 52. Rc1 Ra5 53.
Re1 Rc5 54. Bd1 Be6 55. Rg1 Rc8 56. Re1 Rc5 57. Rg1 Bf7 58. Re1 Ra5 59. Bf3 Rc5
1/2-1/2

[Event "Monarch Assurance Isle of Man 8th"]
[Site "Port Erin IOM"]
[Date "1999.11.14"]
[Round "9"]
[White "McLean, John"]
[Black "Fraser-Mitchell, Jeremy"]
[Result "1/2-1/2"]
[WhiteElo "2135"]
[BlackElo "2066"]
[PlyCount "100"]
[EventDate "1999.11.06"]
[EventType "swiss"]
[EventRounds "9"]
[EventCountry "IOM"]

1. e4 e6 2. d4 d5 3. Nd2 c5 4. exd5 Qxd5 5. Ngf3 cxd4 6. Bc4 Qd6 7. Qe2 Nf6 8.
Nb3 Nc6 9. Bg5 Bd7 10. O-O-O O-O-O 11. Nbxd4 Nxd4 12. Rxd4 Qb6 13. Rhd1 Bc5 14.
R4d3 Bc6 15. Ne5 Rxd3 16. Nxd3 Nd7 17. Nxc5 Qxc5 18. Be3 Qe5 19. Qd2 Qe4 20.
Bf1 a6 21. f3 Qd5 22. Qxd5 Bxd5 23. c4 Bc6 24. b4 Rd8 25. Kb2 Nf6 26. Rxd8+
Kxd8 27. Kb3 b5 28. Bg5 Ke7 29. Kc3 e5 30. Bd3 bxc4 31. Bxc4 Bb7 32. Bd3 h6 33.
Bxf6+ gxf6 34. a4 Kd6 35. Bc4 Ke7 36. b5 axb5 37. Bxb5 f5 38. a5 Kd6 39. a6 Ba8
40. Be2 Kc5 41. g3 f6 42. Kd3 Bd5 43. Ke3 Kb6 44. Bd3 Be6 45. Kf2 Bc8 46. Kg2
Bxa6 47. Bxf5 Kc5 48. Be4 Kd6 49. Kh3 Ke7 50. Kg4 Kf7 1/2-1/2

[Event "Monarch Assurance Isle of Man 8th"]
[Site "Port Erin IOM"]
[Date "1999.11.14"]
[Round "9"]
[White "Murtagh, Dermot"]
[Black "Spanton, Tim"]
[Result "0-1"]
[WhiteElo "1791"]
[BlackElo "2147"]
[PlyCount "54"]
[EventDate "1999.11.06"]
[EventType "swiss"]
[EventRounds "9"]
[EventCountry "IOM"]

1. e4 c5 2. Nf3 g6 3. d4 cxd4 4. Nxd4 Bg7 5. Nc3 Nc6 6. Be3 Nf6 7. f3 O-O 8.
Qd2 d5 9. Nxd5 Nxd5 10. exd5 Qxd5 11. Nxc6 Qxc6 12. O-O-O Be6 13. Kb1 Qa4 14.
a3 Rfc8 15. Bd3 b5 16. h4 h5 17. g4 hxg4 18. h5 Rc3 19. Qh2 Rxa3 20. Kc1 Qb4
21. c3 Ra1+ 22. Kc2 Qb3+ 23. Kd2 Qxb2+ 24. Ke1 Bxc3+ 25. Bd2 Rxd1+ 26. Kxd1
Bb3+ 27. Ke1 Qc1+ 0-1

[Event "Monarch Assurance Isle of Man 8th"]
[Site "Port Erin IOM"]
[Date "1999.11.14"]
[Round "9"]
[White "Paschall, William"]
[Black "Winfridsson, Hakan"]
[Result "1-0"]
[WhiteElo "2332"]
[BlackElo "2045"]
[PlyCount "83"]
[EventDate "1999.11.06"]
[EventType "swiss"]
[EventRounds "9"]
[EventCountry "IOM"]

1. c4 e5 2. g3 Nf6 3. Bg2 c6 4. d4 Bb4+ 5. Bd2 Bxd2+ 6. Qxd2 exd4 7. Qxd4 O-O
8. Nc3 d6 9. Nh3 Na6 10. O-O Qe7 11. Rfd1 Rd8 12. Rd2 Be6 13. Rad1 Rd7 14. Qh4
Ne8 15. Qxe7 Rxe7 16. b3 Rd8 17. Nf4 Red7 18. h4 Kf8 19. e4 Ke7 20. Re1 Nac7
21. Nfd5+ Kf8 22. Ne3 Re7 23. Red1 Rb8 24. f4 Na6 25. Kf2 Bc8 26. g4 Kg8 27. g5
Nc5 28. b4 Na6 29. a3 Nac7 30. e5 dxe5 31. f5 Kf8 32. Ne4 Na8 33. f6 Re6 34.
Rd8 Nac7 35. Bh3 Ra8 36. Bxe6 Bxe6 37. Rxa8 Nxa8 38. Rd8 Nac7 39. Nd6 gxf6 40.
gxf6 b5 41. cxb5 cxb5 42. Nef5 1-0

[Event "Monarch Assurance Isle of Man 8th"]
[Site "Port Erin IOM"]
[Date "1999.11.14"]
[Round "9"]
[White "Peters, Stephen"]
[Black "Farndon, David Alexander"]
[Result "1/2-1/2"]
[WhiteElo "2158"]
[BlackElo "2238"]
[PlyCount "98"]
[EventDate "1999.11.06"]
[EventType "swiss"]
[EventRounds "9"]
[EventCountry "IOM"]

1. d4 Nf6 2. c4 c6 3. Nc3 d5 4. Bg5 Ne4 5. Nxe4 dxe4 6. Qd2 Bf5 7. e3 Nd7 8.
Ne2 h6 9. Bf4 e6 10. Nc3 Be7 11. Be2 O-O 12. O-O Nf6 13. Rfd1 Bd6 14. Bg3 Re8
15. Rab1 Bxg3 16. hxg3 Qc7 17. b4 Rad8 18. Qb2 b6 19. a4 e5 20. d5 Re7 21. dxc6
Rxd1+ 22. Rxd1 Qxc6 23. Rd8+ Kh7 24. Qd2 Rd7 25. Rxd7 Bxd7 26. Nd5 Nxd5 27. b5
Qd6 28. cxd5 f5 29. Bc4 Qc5 30. Ba2 Kg6 31. Qd1 Kg5 32. d6 g6 33. Kh2 Kf6 34.
Qd2 h5 35. Qd1 f4 36. Qd2 g5 37. Qd1 fxg3+ 38. Kxg3 h4+ 39. Kh2 g4 40. Qd2 Qc8
41. Bd5 Qc5 42. Ba2 Kg5 43. Kg1 Qa3 44. Kh2 Qd3 45. Qc1 Qe2 46. Qc3 Kf6 47. Qb3
g3+ 48. fxg3 hxg3+ 49. Kxg3 Qe1+ 1/2-1/2

[Event "Monarch Assurance Isle of Man 8th"]
[Site "Port Erin IOM"]
[Date "1999.11.14"]
[Round "9"]
[White "Puuska, Heini"]
[Black "McLeod, Fraser"]
[Result "1/2-1/2"]
[WhiteElo "2035"]
[BlackElo "1832"]
[PlyCount "95"]
[EventDate "1999.11.06"]
[EventType "swiss"]
[EventRounds "9"]
[EventCountry "IOM"]

1. d4 Nf6 2. c4 e5 3. dxe5 Ng4 4. Bf4 Nc6 5. Nf3 Bb4+ 6. Nbd2 Qe7 7. a3 Ngxe5
8. Nxe5 Nxe5 9. e3 Bxd2+ 10. Qxd2 O-O 11. Be2 d6 12. O-O b6 13. b4 Bb7 14. Rfc1
Rad8 15. Qc3 Ng6 16. Bg3 f5 17. Bd1 Rde8 18. Bb3 f4 19. exf4 Nxf4 20. Bxf4 Rxf4
21. Re1 Re4 22. c5+ Kh8 23. Reb1 Qg5 24. c6 Bc8 25. Bc2 R4e5 26. h3 Qf6 27. Qg3
Rg5 28. Qb3 Be6 29. Qd3 Bf5 30. Re1 Qxa1 31. Rxa1 Bxd3 32. Bxd3 Rge5 33. Kf1 a5
34. bxa5 Rxa5 35. a4 Rea8 36. Re1 Rxa4 37. Re7 Ra1+ 38. Ke2 R1a7 39. h4 Rf8 40.
h5 h6 41. Bg6 Rc8 42. g4 Kg8 43. f4 b5 44. g5 hxg5 45. fxg5 Ra6 46. h6 gxh6 47.
gxh6 Rxc6 48. Rg7+ 1/2-1/2

[Event "Monarch Assurance Isle of Man 8th"]
[Site "Port Erin IOM"]
[Date "1999.11.14"]
[Round "9"]
[White "Rowson, Jonathan"]
[Black "Baburin, Alexander"]
[Result "1/2-1/2"]
[WhiteElo "2494"]
[BlackElo "2593"]
[PlyCount "203"]
[EventDate "1999.11.06"]
[EventType "swiss"]
[EventRounds "9"]
[EventCountry "IOM"]

1. e4 Nf6 2. e5 Nd5 3. d4 d6 4. c4 Nb6 5. exd6 cxd6 6. Nc3 g6 7. Be3 Bg7 8. Rc1
O-O 9. b3 e5 10. dxe5 dxe5 11. c5 N6d7 12. Bc4 Qa5 13. Nge2 Nc6 14. a3 Nd4 15.
Nxd4 exd4 16. Bxd4 Re8+ 17. Kf1 Bxd4 18. Qxd4 Qxa3 19. Qf4 Nf6 20. Nb5 Qb2 21.
Nd6 Be6 22. Rd1 Rad8 23. h4 Bxc4+ 24. Qxc4 Ne4 25. Qxf7+ Kh8 26. Qf3 Nxd6 27.
cxd6 Rf8 28. Qe3 Rfe8 29. Qf3 Qe5 30. h5 Rxd6 31. hxg6 Rxg6 32. Rh5 Qe7 33. Rf5
Kg8 34. g3 Qe6 35. Kg2 a6 36. Rd4 Qc6 37. Qxc6 bxc6 38. Ra5 Rb8 39. b4 Ra8 40.
Rd1 Rf6 41. Rd7 Raf8 42. f4 R6f7 43. Rd6 Rb8 44. Rxc6 Rxb4 45. Rc8+ Kg7 46.
Rg5+ Kf6 47. Rc6+ Ke7 48. Re5+ Kf8 49. Rc8+ Kg7 50. Rg5+ Kf6 51. Rc6+ Ke7 52.
Rxa6 Rb8 53. Kh3 Kf8 54. Kh4 Rg7 55. Rc5 Kg8 56. g4 Rgb7 57. Rcc6 Rf7 58. f5
Rd7 59. Rc3 Rdb7 60. Rcc6 Rd7 61. Kg5 Kg7 62. Rc3 Rdb7 63. Kh5 Rf7 64. Rac6 Ra8
65. Kg5 Rb8 66. R3c5 Rbf8 67. Rb6 Ra7 68. f6+ Kg8 69. Kh6 Ra1 70. Rg5+ Kh8 71.
Rh5 Rf1 72. g5 Rg8 73. Rh4 Rf5 74. Rg4 Rf1 75. Rbb4 Rh1+ 76. Rh4 Rg1 77. Rbg4
Rf1 78. Rf4 Rg1 79. Rf5 Rc1 80. Rh3 Rc7 81. Kh5 Rf7 82. Re3 Ra8 83. Rfe5 Rff8
84. Kh6 Ra1 85. Rh3 Rg8 86. Re7 Rg6+ 87. Kh5 Rg1 88. Re8+ Rg8 89. Rxg8+ Kxg8
90. Ra3 Rh1+ 91. Kg4 Rg1+ 92. Kf4 Rf1+ 93. Kg4 Rg1+ 94. Kf4 Rf1+ 95. Rf3 Ra1
96. Rb3 Rf1+ 97. Ke5 Re1+ 98. Kf4 Rf1+ 99. Rf3 Rxf3+ 100. Kxf3 Kf7 101. Kf4 h6
102. gxh6 1/2-1/2

[Event "Monarch Assurance Isle of Man 8th"]
[Site "Port Erin IOM"]
[Date "1999.11.14"]
[Round "9"]
[White "Ryan, Joe"]
[Black "Emms, John"]
[Result "1/2-1/2"]
[WhiteElo "2280"]
[BlackElo "2586"]
[PlyCount "71"]
[EventDate "1999.11.06"]
[EventType "swiss"]
[EventRounds "9"]
[EventCountry "IOM"]

1. d4 Nf6 2. Nf3 e6 3. e3 b6 4. Bd3 Bb7 5. O-O c5 6. c4 g6 7. Nc3 Bg7 8. e4
cxd4 9. Nxd4 O-O 10. Be3 Nc6 11. Nxc6 Bxc6 12. Bg5 h6 13. Bh4 d6 14. f4 Re8 15.
Qe2 Qb8 16. Rae1 Nd7 17. Qd2 a6 18. a4 Qc7 19. Bc2 Bb7 20. b3 Rac8 21. Re3 Nc5
22. Kh1 Qc6 23. Rd1 Bf8 24. Bf6 Nd7 25. Bh4 Nc5 26. Bf6 a5 27. Rg3 Nd7 28. e5
Nxf6 29. exf6 Qc5 30. Ne4 Bxe4 31. Bxe4 Qh5 32. Qd3 Kh7 33. Rh3 Qg4 34. Rg3 Qh5
35. Rh3 Qg4 36. Rg3 1/2-1/2

[Event "Monarch Assurance Isle of Man 8th"]
[Site "Port Erin IOM"]
[Date "1999.11.14"]
[Round "9"]
[White "Shneider, Aleksander"]
[Black "Hebden, Mark"]
[Result "1-0"]
[WhiteElo "2551"]
[BlackElo "2510"]
[PlyCount "82"]
[EventDate "1999.11.06"]
[EventType "swiss"]
[EventRounds "9"]
[EventCountry "IOM"]

1. d4 Nf6 2. c4 g6 3. Nc3 Bg7 4. e4 d6 5. Be2 O-O 6. Nf3 e5 7. O-O Nc6 8. d5
Ne7 9. b4 Kh8 10. c5 Neg8 11. Nd2 Ne8 12. a4 f5 13. Ba3 fxe4 14. Ndxe4 Ngf6 15.
b5 dxc5 16. Nxc5 Nd6 17. Bf3 Re8 18. Re1 Rb8 19. Rc1 Nc4 20. Bb4 a5 21. bxa6
bxa6 22. Na2 Nb2 23. Qd2 e4 24. Bxe4 Nxa4 25. Bf3 Nxc5 26. Bxc5 Bg4 27. Bxg4
Nxg4 28. Nb4 Qh4 29. h3 Ne5 30. Nxa6 Rb3 31. Be3 Rf8 32. Nxc7 Rb2 33. Rc2 Nc4
34. Qe2 Rxc2 35. Qxc2 Rb8 36. Ne6 Nxe3 37. Rxe3 Bf6 38. Rb3 Ra8 39. Rb1 Qh5 40.
Qc7 Rg8 41. Qf7 Be5 1-0

[Event "Monarch Assurance Isle of Man 8th"]
[Site "Port Erin IOM"]
[Date "1999.11.14"]
[Round "9"]
[White "Short, Nigel"]
[Black "Lalic, Bogdan"]
[Result "1/2-1/2"]
[WhiteElo "2675"]
[BlackElo "2550"]
[PlyCount "46"]
[EventDate "1999.11.06"]
[EventType "swiss"]
[EventRounds "9"]
[EventCountry "IOM"]

1. e4 e5 2. Nf3 Nf6 3. Nxe5 d6 4. Nf3 Nxe4 5. d4 d5 6. Bd3 Nc6 7. O-O Be7 8. c4
Nb4 9. Be2 O-O 10. Nc3 Bf5 11. a3 Nxc3 12. bxc3 Nc6 13. cxd5 Qxd5 14. Re1 Bf6
15. Bf4 Na5 16. Nd2 c5 17. Bf3 Qd8 18. Ne4 Bxe4 19. Rxe4 cxd4 20. cxd4 Nc6 21.
Be3 Qd6 22. Rb1 Rad8 23. Qa4 b5 1/2-1/2